| 000 | 00913cam a2200289 4500 | ||
|---|---|---|---|
| 001 | D2773 | ||
| 008 | 090401t1985 xxu||||| |||| 00| 0 eng d | ||
| 035 | _a(Sirsi) u70536 | ||
| 041 | _aeng | ||
| 050 | _a692.3 | ||
| 110 |
_aRoyal Institute of British Architects _92527 |
||
| 245 | _aProject specification: a code of procedure for the building industry: draft for comment, September 1984. | ||
| 260 |
_aLondon _bCCPI _c1985 |
||
| 300 | _a55p. ; 30p. | ||
| 350 | _a0 | ||
| 650 | _aBUILDING INDUSTRY | ||
| 650 | _aCCPI | ||
| 650 | _aCODE OF PROCEDURE | ||
| 650 | _aPROJECT SPECIFICATION | ||
| 690 | _aBUILT ENVIRONMENT | ||
| 710 |
_aRoyal Institution of Chartered Surveyors _94900 |
||
| 710 |
_aAssociation Of Consulting Engineers _91225 |
||
| 710 |
_aBuilding Employers Confederation _91705 |
||
| 710 |
_aCo-ordinating Committee For Project Information _92751 |
||
| 942 | _n0 | ||
| 948 | _c04/03/1997 | ||
| 999 |
_c95336 _d95336 |
||